| 000 | 00825nam a2200253 4500 | ||
|---|---|---|---|
| 999 |
_c8436 _d8436 |
||
| 001 | 22061 | ||
| 003 | BD-DhUAP | ||
| 005 | 20240314144654.0 | ||
| 008 | 240314b2013 uk aa||| |||| 001 0beng d | ||
| 020 | _a9780230251694 | ||
| 020 | _a9780230251700 | ||
| 040 |
_aBD-DhUAP _bEng _cBD-DhUAP _dBD-DhUAP |
||
| 082 |
_223 _a306.449 JOH |
||
| 100 |
_aJohnson, David Cassels, _d1974- |
||
| 245 |
_aLanguage policy / _cDavid Cassels Johnson, Washington State University, USA. |
||
| 250 | _a1 st | ||
| 260 |
_aPalgrave Macmillan, _bNew York, NY : _c©2013 |
||
| 300 |
_axvi, 291 pages : _billustrations ; _c22 cm. |
||
| 440 | _aResearch and Practice in Applied Linguistics | ||
| 504 | _aIncludes bibliographical references (pages 271-289) and index | ||
| 650 | _aLanguage policy. | ||
| 650 | _aLanguage planning. | ||
| 942 |
_2ddc _cBK |
||